000 00606nam a2200121Ia 4500
008 220216s9999 xx 000 0 und d
100 _aGeorge K.T.
245 0 _aExploring new frontiers of environment conservation: The case of rubber plantations
260 _bIn: Tropical forestry research: Challenges in the new millennium. (Eds. R.V. Varma, K.V. Bhat, E.M. Muralidharan and J.K. Sharma). Proceedings of the International Symposium, 2-4 August 2000, Kerala Forest Research Institute, Peechi, India, pp. 267-272.
_c2000
650 _aEnvironment conservation
650 _aRubber plantation
942 _cBS
999 _c52430
_d52430